书目信息 |
| 题名: |
自动控制原理及其应用
|
|
| 作者: | 黄坚 主编 | |
| 分册: | ||
| 出版信息: | 北京 高等教育出版社 2004 |
|
| 页数: | 351页 | |
| 开本: | 23cm | |
| 丛书名: | ||
| 单 册: | ||
| 中图分类: | TP13 | |
| 科图分类: | ||
| 主题词: | 自动控制理论--高等学校--教材 | |
| 电子资源: | ||
| ISBN: | 978-7-04-013033-1 | |
| 000 | 00821n|m0 2200241 450- | |
| 001 | 0102646660 | |
| 005 | 20121116170000.0 | |
| 010 | @a978-7-04-013033-1@dCNY28.00 | |
| 100 | @a20040220d2004 em y0chiy0120 ea | |
| 101 | 0 | @achi |
| 102 | @aCN@b110000 | |
| 105 | @ay z 000yy | |
| 135 | @adrbn ---auuuu | |
| 200 | 1 | @a自动控制原理及其应用@9Zi Dong Kong Zhi Yuan Li Ji Qi;Ji Ying Yong @f黄坚主编@b电子资源.图书 |
| 210 | @a北京@c高等教育出版社@d2004 | |
| 215 | @a351页@d23cm | |
| 325 | @a电子复制品 | |
| 330 | @a本书内容包括时域法、根轨迹法、频率法、系统校正、离散系统分析等传统内容,书中对模拟PID调节器和数字PID调节器作了重点介绍。 | |
| 606 | 0 | @a自动控制理论@x高等学校@j教材 |
| 690 | @aTP13@v4 | |
| 701 | 0 | @a黄坚@f(1954~)@4主编@9huang jian |
| 801 | 0 | @aCN@bAZmarc@c20230904 |
| 905 | @dTP13@e16@f4@sTP13/16@aBZT | |
| 自动控制原理及其应用/黄坚主编[电子资源.图书].-北京:高等教育出版社,2004 |
| 351页;23cm |
| ISBN 978-7-04-013033-1:CNY28.00 |
| 本书内容包括时域法、根轨迹法、频率法、系统校正、离散系统分析等传统内容,书中对模拟PID调节器和数字PID调节器作了重点介绍。 |
| ● |
| 相关链接 |
|
|
|
正题名:自动控制原理及其应用
索取号:TP13/16
 
预约/预借
| 序号 | 登录号 | 条形码 | 馆藏地/架位号 | 状态 | 备注 |
| 1 | 2000013703 | 2000013703 | 旧书回溯/ [索取号:TP13/16] | 在馆 | |
| 2 | 2000136123 | 2000136123 | 旧书回溯/ [索取号:TP13/16] | 在馆 | |
| 3 | 2000136124 | 2000136124 | 旧书回溯/ [索取号:TP13/16] | 在馆 | |
| 4 | 2000136125 | 2000136125 | 旧书回溯/ [索取号:TP13/16] | 在馆 |